000 01039nam a2200217Ia 4500
003 Ost
005 20260507074907.0
008 260507s9999||||xx |||||||||||||| ||und||
040 _cfsecg
041 _aara
082 _a657
100 _aالدباس، نزيه
_eمؤلف
245 0 _aمحاسبة الفنادق /
_c نزيه الدباس
260 _aعمان:
_bدار الحامد للنشر والتوزيع,
_c2002
300 _a207 صفحة؛
_bإيضاحات ؛
_c23 سم
520 _aالخصائص المميزة للنشاط الفندقي، تحليل النسب، حسابات الأجور، مقومات النظام المحاسبي الفندقي، الدورة المستندية للحسابات الختامية الفندقية، المدخل الى مراقبة تكاليف الطعام والشراب، إعداد الموازنة التقديرية لعمليات الطعام
653 _aالإدارة المالية
653 _aالفنادق
653 _aالمحاسبة
942 _cكتاب
999 _c41709
_d41709